000 00216nam a2200097Ia 4500
008 240331s9999 xx 000 0 und d
082 _bCAS
100 _aKothari, R. ed
245 0 _aCaste in Indian politics
942 _cL
999 _c1957
_d1957